000 00305nam a22001337a 4500
008 170623b xxu||||| |||| 00| 0 eng d
020 _a0911937013
041 _aeng
080 _a34
100 _a15
101 _aSHJ
245 _aACID RAIN IN EUROPE AND NORTH AMERICA
_cWETSTONE,G.S
942 _2udc
_cBK
999 _c19016
_d19016